| 000 | 00629nam a2200265Ia 4500 | ||
|---|---|---|---|
| 005 | 20260121171346.0 | ||
| 008 | 008 260114s9999 xx 000 0 eng d | ||
| 020 | _a9783030189075 | ||
| 037 | _aEBOOK | ||
| 040 | _aCRL | ||
| 040 | _beng | ||
| 040 | _cCRL | ||
| 041 | _2eng | ||
| 041 | _aeng | ||
| 084 | _qCRL | ||
| 100 |
_aFrancisco J. Tapiador _91075256 |
||
| 245 | 4 | _aThe Geography of Spain | |
| 260 | _bSpringer | ||
| 260 | _bSpringer | ||
| 260 | _c2020 | ||
| 856 | _uhttps://link.springer.com/openurl?genre=book&isbn=978-3-030-18907-5 | ||
| 942 | _cEBOOK | ||
| 999 |
_c1640986 _d1640986 |
||